000 01129nam a22002537a 4500
005 20140711110022.0
008 090104s2008 ck grd 00010 spa d
020 _a9789588323237
041 _aspa
044 _ack
082 0 4 _a910.014
_bI24d
100 1 _aBernal-Duffo, Eufrasio
_d1946-
_924866
245 1 0 _aDiccionario de gentilicios de Colombia /
_cinvestigación y autoría Eufrasio Bernal Duffo ; revisión técnica Blanca Inés Robayo Vásquez.
260 3 _aBogotá
_bInstituto Geográfico Agustín Codazzi
_bSociedad Geográfica de Colombia, Academia de Ciencias Geográficas,
_c2008.
300 _a170 p. ;
_c29 cm.
_bfot. (col), mapas
650 6 _aNombres geográficos
_zColombia
_vDiccionarios
_924867
650 6 _aToponimia
_zColombia
_vDiccionarios.
_924868
650 6 _aLexicografía
_zColombia
_vDiccionarios.
_924869
650 6 _aGentilicios
_zColombia
_vDiccionarios.
_924870
650 6 _aGentilicios
_xFormación de palabras
_z Colombia
_vDiccionarios.
_924871
700 1 _aBeltrán-Quecán, Manuel Guillermo,
_erev.
_924872
700 1 _aRobayo-Vásquez, Blanca Inés,
_erev.
_924873
942 _2ddc
_cImpreso
999 _c8549
_d8549